M U G E N Characters Alphabetically (Roblox) - Statistics

General Stats
  • This quiz has been taken 3 times
  • The average score is 5 of 22
Answer Stats
Letter Games Character name % Correct
A DVD Man Apple
100%
C VESZTESEG Cyclops
100%
M VESZTESEG, Swan Location Mirror Man
100%
D Notepad Santa Claus Dignity
50%
G VESZTESEG Guy
50%
P Man of 7 Shingles Potato Guy
50%
Z 1Zyuka1's Basement, Akzu's Basement Zuka
50%
B VESZTESEG Bruh Jesus
0%
E Swan Location Eye Guys
0%
F Tacobell Sacrifice Flowerpot Man
0%
H Alakazard Humn
0%
I VESZTESEG Israel Jr.
0%
J VESZTESEG Jäkel
0%
K Kidney Stone Kidney Stone Man
0%
L Man of 7 Shingles Liberal Skull
0%
N Ananász; Swan Location, Raknet Noob
0%
O Man of 7 Shingles Ocean ship
0%
R Man of 7 Shingles, VESZTESEG Rock Walkers
0%
S M U G E N, VESZTESEG, Oobja: MUGEN Edition Szemtelen Manó
0%
T VESZTESEG Terrible Meat Loaf
0%
W Ananász Wall Demon
0%
X VESZTESEG XDemon
0%
No matching quizzes found
Score Distribution
Percent of People with Each Score
Percentile by Number Answered
Your Score History
You have not taken this quiz